| 000 | 00486nam a2200181Ia 4500 | ||
|---|---|---|---|
| 999 |
_c31135 _d31135 |
||
| 001 | 31013 | ||
| 003 | PK-LaUMT | ||
| 005 | 20221004173504.0 | ||
| 008 | 140416s9999 xx 000 0 und d | ||
| 040 | _cPK-LaUMT | ||
| 082 |
_aW 954 _bSOU- |
||
| 110 | _aWorld Bank | ||
| 245 |
_aSouth Asia regional strategy _brunning brief for South Asia region, World Bank _cWorld Bank |
||
| 260 |
_aWashington,USA: _bWorld Bank, _c2005 |
||
| 300 | _a48 p. | ||
| 546 | _aEN | ||
| 942 |
_cWEEDED OUT _2ddc |
||